000 00538cam a22002051 4500
001 sa 64003245
003 DLC
005 20260227112016.0
008 790209s1963 io 000 0 ind
010 _asa 64003245
035 _a(OCoLC)4634543
040 _aDLC
_cOAU
_dDLC
042 _apremarc
050 0 0 _aD743
_b.A84
100 1 _aAuwjong, Peng Koen.
245 1 0 _aPerang Dunia II,
_bbagian perang Eropah.
260 _aDjakarta,
_bSaka Widya
_c[cover 1963]-
300 _a v.
_billus.
_c21 cm.
650 0 _aWorld War, 1939-1945.
999 _c57795
_d57795